Sčetno-zapisyvajuščije mašiny "SDU-110" i "SDU-138" : dlja kursov mechanikov po remontu sčetnych mašin /

Hlavní autor: Orlov, A.
Jazyk: Ruština
Vydáno: Moskva : Gosfinizdat, 1952
Fyzický popis: 95 stran
Knihy
Uloženo v:
LEADER 00740nam a22002292i 4500
001 001470010
003 CZ BrMZK
005 20151005143741.0
007 ta
008 150512s1952 ru er|||||||||||rus d
040 |a BOA001  |b cze  |e rda 
100 1 |a Orlov, A.  |4 aut 
245 1 0 |a Sčetno-zapisyvajuščije mašiny "SDU-110" i "SDU-138" :  |b dlja kursov mechanikov po remontu sčetnych mašin /  |c A. Orlov 
264 1 |a Moskva :  |b Gosfinizdat,  |c 1952 
300 |a 95 stran 
336 |a text  |b txt  |2 rdacontent 
337 |a bez média  |b n  |2 rdamedia 
338 |a svazek  |b nc  |2 rdacarrier 
910 |a BOA001  |b 2-0305.209 
990 |a BK 
991 |b 201505 
996 7 |b 2618826180  |c 2-0305.209  |l MZK  |r Sklad / do 24 hodin  |n 0  |w 001505122  |u 000010  |a 1  |e BOA001  |j MZK50  |s A